Dům vrácené ozvěny /

Román se silně autobiografickými prvky vypráví o osudech pražské židovské rodiny v době od první republiky až do tragických událostí za druhé světové války.

Uloženo v:
Hlavní autor: Lustig, Arnošt, 1926-2011 (Autor)
Médium: E-kniha
Jazyk:Czech
Vydáno: Praha : Městská knihovna v Praze, 2026
Vydání:V MKP 1. elektronické vydání
Témata:
On-line přístup:Odkaz na plný text
Plný text
Plný text
Plný text
Obálka
Tagy:
Žádné tagy
LEADER 02946nam a2200481 i 4500
001 5206407
003 CZ-PrMKP
005 20260413110437.0
007 ta
008 260217s2026----xr-----go-----000-fdcze--
020 |a 978-80-274-4918-7  |q (online ;  |q pdf) 
020 |a 978-80-274-4917-0  |q (online ;  |q epub) 
020 |a 978-80-274-4919-4  |q (online ;  |q prc) 
040 |a ABG001  |b cze  |e rda 
072 7 |a 821.162.3-3  |x Česká próza  |2 Konspekt  |9 25 
080 |a 821.162.3-31  |2 MRF 
080 |a (=411.16)  |2 MRF 
080 |a 323.28  |2 MRF 
080 |a 323.12"1939/1945"  |2 MRF 
080 |a (0:82-31)  |2 MRF 
100 1 |a Lustig, Arnošt,  |d 1926-2011  |7 jk01072683  |4 aut 
245 1 0 |a Dům vrácené ozvěny /  |c Arnošt Lustig 
250 |a V MKP 1. elektronické vydání 
264 1 |a Praha :  |b Městská knihovna v Praze,  |c 2026 
300 |a 1 online zdroj (391 stran) ; 
336 |a text  |b txt  |2 rdacontent 
337 |a počítač  |b c  |2 rdamedia 
338 |a online zdroj  |b cr  |2 rdacarrier 
500 |a Jubilejní edice k 100. výročí narození Arnošta Lustiga 
520 2 |a Román se silně autobiografickými prvky vypráví o osudech pražské židovské rodiny v době od první republiky až do tragických událostí za druhé světové války.  |b Autor knihu věnuje především vzpomínkám na svého otce, který za války, v době bezprostředního ohrožení židovské komunity, vedl marný boj za záchranu své rodiny, ale také za uchování hrdosti a důstojnosti lidské existence. Široce komponovaný román vznikl rozšířením novely ze sbírky Hořká vůně mandlí a velmi působivě vypovídá o osudech pražských Židů, o antisemitismu a lidské nenávisti, ale také odvaze, solidaritě a vzájemné lásce tváří v tvář smrti. Edice Lustigových děl v elektronické podobě vznikla ve spolupráci s Prahou městem literatury v rámci projektu Nadačního fondu Arnošta Lustiga s názvem FestivAL100, jímž se oslavilo 100. výročí spisovatelova narození. Ke zpracování bylo zvoleno vždy poslední knižní vydání za autorova života, kde provedl definitivní úpravy textu. 
650 0 7 |a Židé  |7 ph127782  |x perzekuce  |2 czenas 
650 0 7 |a holocaust (1939-1945)  |7 ph117203  |2 czenas 
650 0 9 |a Jews  |x persecutions  |2 eczenas 
650 0 9 |a holocaust (1939-1945)  |2 eczenas 
655 7 |a české romány  |7 fd133974  |2 czenas 
655 9 |a Czech fiction  |2 eczenas 
710 2 |a Městská knihovna (Praha, Česko)  |7 kn20010709068  |4 pbl 
856 4 1 |u http://search.mlp.cz/searchMKP.jsp?action=sTitul&key=5206407  |y Odkaz na plný text 
856 4 1 |q epub  |u https://web2.mlp.cz/koweb/00/05/20/64/07/dum_vracene_ozveny.epub  |y Plný text 
856 4 1 |q pdf  |u https://web2.mlp.cz/koweb/00/05/20/64/07/dum_vracene_ozveny.pdf  |y Plný text 
856 4 1 |q prc  |u https://web2.mlp.cz/koweb/00/05/20/64/07/dum_vracene_ozveny.prc  |y Plný text 
856 4 1 |u https://web2.mlp.cz/koweb/00/05/20/64/07.jpg  |y Obálka 
910 |a ABG001